Vybrané aspekty súčasných migračných tokov na národnej, regionálnej a medzinárodnej úrovni

Náčrt migračných tokov v rámci legálnej migrácie na troch rôznych úrovniach, identifikácia spoločných znakov migračných tokov na všetkých troch úrovniach. Identifikácia základných prevažujúcich migračných tokov posledných rokov na celosvetovej, európskej a slovenskej úrovni. Štatistický obraz o migr...

Descripción completa

Guardado en:
Detalles Bibliográficos
Autor principal: Galanská, Nina
Formato: Capítulo de libro
Lenguaje:eslovaco
Materias:
Etiquetas: Agregar Etiqueta
Sin Etiquetas, Sea el primero en etiquetar este registro!

MARC

LEADER 00000nla a2200000 4500
001 0194158
005 20240502073241.9
041 0 |a slo 
044 |a SK 
245 1 0 |a Vybrané aspekty súčasných migračných tokov na národnej, regionálnej a medzinárodnej úrovni  |c Nina Galanská 
520 |a Náčrt migračných tokov v rámci legálnej migrácie na troch rôznych úrovniach, identifikácia spoločných znakov migračných tokov na všetkých troch úrovniach. Identifikácia základných prevažujúcich migračných tokov posledných rokov na celosvetovej, európskej a slovenskej úrovni. Štatistický obraz o migrácii a migračných tokoch na jednotlivých úrovniach a jeho analýza. 
610 2 0 |a migrácia 
610 2 0 |a svet 
610 2 0 |a Európa 
610 2 0 |a Slovensko 
100 1 |a Galanská, Nina